000
00341nam a2200157Ia 4500
003
OSt
005
20240314164653.0
008
170524s9999 xx 000 0 und d
020
_a
NIL
040
_c
IIMTU MEERUT
100
_a
Horrell- Thomas W.
245
0
_a
Industrial Psychology
260
_b
Oxford
260
_c
1960
942
_2
ddc
_c
02
999
_c
6169
_d
6169